| 000 | 00485nam a2200169 i 4500 | ||
|---|---|---|---|
| 001 | 99087 | ||
| 003 | ES-MaACL | ||
| 005 | 20230906182433.0 | ||
| 007 | t| | ||
| 008 | 051121s1967 pr ||||1| spa d | ||
| 080 | _a821.134.2(729.5)-31"19" | ||
| 100 | 1 |
_aLaguerre, Enrique A. _969612 |
|
| 245 | 1 | 0 |
_aSolar Montoya / _cEnrique A. Laguerre. |
| 260 |
_aRío Piedras (Puerto Rico) : _bEditorial Cultural, _c[1967] |
||
| 300 |
_a227 p. ; _c22 cm. |
||
| 852 |
_aES-MaACL _jE-11058 _bR.136738 |
||
| 999 |
_c99087 _d99087 |
||